Une fin de siècle philosophique : Entretiens avec Comte-Sponville, Concle, Ferry, Lipovetsky, Onfray, et Rosset

Uloženo v:
Podrobná bibliografie
Hlavní autor: Charles, Sébastien
Médium: Kniha
Jazyk:Undetermined
Vydáno: Québec, Canada Liber 1999
Témata:
Tagy: Přidat tag
Žádné tagy, Buďte první, kdo otaguje tento záznam!
Thư viện lưu trữ: Trung tâm Học liệu Trường Đại học Cần Thơ
LEADER 00584nam a2200193Ia 4500
001 CTU_41257
008 210402s9999 xx 000 0 und d
082 |a 194 
082 |b C477 
100 |a Charles, Sébastien 
245 0 |a Une fin de siècle philosophique : 
245 0 |b Entretiens avec Comte-Sponville, Concle, Ferry, Lipovetsky, Onfray, et Rosset 
245 0 |c Sébastien Charles 
260 |a Québec, Canada 
260 |b Liber 
260 |c 1999 
650 |a Philosophy, modern 
904 |i Minh, 010517 
980 |a Trung tâm Học liệu Trường Đại học Cần Thơ